MARC
| LEADER | 00000 a a2200000 04500 | ||
|---|---|---|---|
| 001 | 32478 | ||
| 003 | |||
| 040 | |||
| 020 | |a 987-1183-27-5 | ||
| 090 | |a 202501 | ||
| 100 | |a Mato, Daniel | ||
| 245 | |a Cultura, política y sociedad: perspectivas latinoamericanas / |c Daniel Mato | ||
| 260 | |a Buenos Aires: |b CLACSO | ||
| 300 | |a 504 p. | ||
| 650 | |a CULTURA | ||
| 650 | |a POLITICA | ||
| 650 | |a GLOBALIZACION | ||
| 650 | |a IDENTIDAD CULTURAL | ||
| 650 | |a INDUSTRIA CULTURAL | ||
| 650 | |a MEDIOS DE COMUNICACION DE MASAS | ||
| 650 | |a AMERICA LATINA | ||
| 650 | |a POLITICA CULTURAL | ||
| 650 | |a DESIGUALDAD SOCIAL | ||
| 650 | |a CUIDADANIA | ||
| 700 | |a comp. | ||
| 999 | |c 17777 |d 17777 | ||



